00517nam a22001457a 450000500170000002000180001710000250003524500530006026000300011330000110014365000260015494200120018099900190019295201600021120260318120532.0 a9781639879588 aSampson, Earl912050 aGamma functionb(Advanced topics in mathematics) aUSAbMurphy & Moorec2024 avi+304 aComplex numbers97805 2ddccBK c757826d757826 00102ddc40718REFaMATbMATcREFd2026-02-25eChapter books, Thiruvananthapuramg14644.63l0o515.52 SAM-GpMAT8190r2026-03-18 06:38:03w2026-03-18yBK